| 000 | 00536cam a2200181 4500500 | ||
|---|---|---|---|
| 005 | 20260329003102.0 | ||
| 041 | _afre | ||
| 042 | _adc | ||
| 100 | 1 | 0 |
_aDuru, Martin _eauthor |
| 245 | 0 | 0 | _aLe principe démocratie |
| 260 | _c2014. | ||
| 500 | _a50 | ||
| 690 | _aAlbert Ogien | ||
| 690 | _aDémocratie | ||
| 690 | _aSandra Laugier | ||
| 786 | 0 | _nPhilosophie magazine | 82 | 9 | 2014-09-01 | p. 82-82 | 1951-1787 | |
| 856 | 4 | 1 | _uhttps://shs.cairn.info/magazine-philosophie-magazine-2014-9-page-82?lang=fr&redirect-ssocas=7080 |
| 999 |
_c1821308 _d1821308 |
||